Kaunseling dan bimbingan

Bibliographic Details
Main Author: MINOR
Format: Book
Published: Johor Bahru, Johor : Penerbitan Pelangi , 1998
Series:Ke arah pengurusan cemerlang
Subjects:

MARC

LEADER 00000cam a2200000 7i4500
001 0000000086
005 20000717.0
020 0 0 |a 9835019509 
090 0 0 |a 658.3124   |b MIN 1998 
100 1 0 |a MINOR   |h Marianne 
245 1 0 |a Kaunseling dan bimbingan   |c Marianne Minor 
260 0 0 |a Johor Bahru, Johor :   |b Penerbitan Pelangi ,   |c 1998 
300 |a 88 p. :   |b ill. ;   |c 21 cm. 
440 0 0 |a Ke arah pengurusan cemerlang 
650 0 0 |a Employees   |x Training of 
999 |a 0000001074   |b Monograph   |c Open Shelf   |e Default branch